Quizzes
Events
Quiz Creation
Community
Videos
Private Events
Remove Ads
Sign In
Join for FREE
Feedback
Dark Mode
Quiz Categories
Sports
Geography
Music
Movies
Television
Just For Fun
Miscellaneous
History
Literature
Language
Science
Gaming
Entertainment
Religion
Holiday
For Kids
Quiz Lab
Recent
Popular Today
Quiz Kudos Today
Editor Picks
Curator Picks
Quizzes by...
Day
Popularity
Type
Ratings
Length
Year
Community
Subscriptions
Recent Discussions
Orange Saloon
Badges
Playlists
Quests
Create
Leaderboards
Showdown
Live 5
Trivia Bingo
Activity
Puzzle Library
Sporcle Events
Private Events
Virtual Trivia
Globe League
Become a Host
Pub Owners
SporcleCon
Opinionation
Our Games
Videos
Blog
Mobile Apps
Partnerships
Remove Ads and Go Orange
Feedback
Sports
Athletes
MLB
NBA
NHL
NFL
Soccer
Sports Teams
WWE
NCAA
Football
Premier League
Basketball
Baseball
Hockey
Golf
Tennis
Cricket
Rugby
Auto Racing
Olympics
World Cup
Sports
Athletes
MLB
NBA
NHL
NFL
Soccer
Sports Teams
WWE
NCAA
Football
Premier League
Basketball
Baseball
Hockey
Golf
Tennis
Cricket
Rugby
Auto Racing
Olympics
World Cup
Random Quiz
Search Sporcle
×
Quiz Lab
Quiz Lab
Sports
Basketball
Type in answers that appear in a list
Type in answers that appear in a list
Classic
Best Score? Go Orange.
NBA Playoff Teams and Starting Game 1 Players (2012/13) Stats
Can you name the NBA Playoff Teams and game 1 starters (2012/13)?
By
asilver
8m
96 Questions
136 Plays
136 Plays
136 Plays
Comments
Comments
Give Quiz Kudos
Give Quiz Kudos
-
- Ratings
hide this ad
Random Order
Randomize order of answers
Randomize order of answers
Replay
Link that replays current quiz
Next Quiz
Link to next quiz in quiz playlist
You Got
0%
They Got
Avg Score
80%
Avg Friend Score
Upgrade to see
Score Distribution
Jump to the score distribution portion of the page
Score
0/96
Timer
08:00
0
Plays Today
Team
Player
% Correct
3
Lebron James
98.5%
3
Dwayne Wade
97.8%
4
David West
97.8%
3
Mario Chalmers
96.3%
3
Chris Bosh
96.3%
9
Kevin Durant
94.1%
12
Marc Gasol
94.1%
14
Pau Gasol
94.1%
1
Deron Williams
93.4%
10
Tony Parker
93.4%
4
Paul George
92.6%
10
Tim Duncan
92.6%
5
Josh Smith
91.9%
8
Paul Pierce
91.9%
9
Russell Westbrook
91.9%
13
James Harden
91.9%
13
Greg Smith
91.9%
2
Joakim Noah
91.2%
4
Roy Hibbert
91.2%
6
Carmelo Anthony
91.2%
11
Stephen Curry
91.2%
3
Udonis Haslem
90.4%
14
Dwight Howard
90.4%
1
Brook Lopez
89.7%
8
Jeff Green
89.7%
8
Kevin Garnett
89.7%
10
Danny Green
89.7%
15
Chris Paul
89.7%
15
Blake Griffin
89.7%
1
Joe Johnson
89%
12
Mike Conley
89%
5
Al Horford
88.2%
Team
Player
% Correct
9
Serge Ibaka
88.2%
9
Kendrick Perkins
88.2%
12
Tony Allen
88.2%
12
Zach Randolph
88.2%
4
George Hill
87.5%
2
Carlos Boozer
86.8%
3
Miami Heat
86.8%
14
Steve Nash
86.8%
2
Chicago Bulls
86%
1
Brooklyn Nets
86%
9
Oklahoma City Thunder
86%
15
DeAndre Jordan
86%
4
Indiana Pacers
85.3%
10
San Antonio Spurs
85.3%
14
Los Angeles Lakers
85.3%
2
Luol Deng
84.6%
8
Boston Celtics
84.6%
10
Tiago Splitter
84.6%
11
Klay Thompson
84.6%
12
Memphis Grizzlies
84.6%
6
Tyson Chandler
83.8%
10
Kawhi Leonard
83.8%
11
David Lee
83.8%
16
Wilson Chandler
83.8%
2
Jimmy Butler
83.1%
5
Atlanta Hawks
83.1%
11
Golden State Warriors
83.1%
15
Los Angeles Clippers
83.1%
15
Caron Butler
83.1%
5
Jeff Teague
82.4%
6
New York Knicks
82.4%
13
Houston Rockets
82.4%
Team
Player
% Correct
11
Andrew Bogut
81.6%
16
Denver Nuggets
81.6%
16
Ty Lawson
79.4%
13
Jeremy Lin
77.9%
6
Raymond Felton
77.2%
7
Milwaukee Bucks
77.2%
7
Brandon Jennings
77.2%
14
Metta World Peace
75.7%
2
Kirk Hinrich
75%
7
Monta Ellis
75%
9
Thabo Sefolosha
75%
8
Avery Bradley
74.3%
4
Lance Stephenson
73.5%
11
Harrison Barnes
72.1%
16
Andre Iguodala
71.3%
1
Gerald Wallace
70.6%
8
Brandon Bass
68.4%
5
Kyle Korver
64%
13
Omer Asik
64%
6
Iman Shumpert
63.2%
12
Tayshaun Prince
62.5%
13
Chandler Parsons
62.5%
7
Larry Sanders
60.3%
1
Reggie Evans
58.8%
15
Chauncey Billups
58.1%
14
Steve Blake
54.4%
7
Ersan Ilyasova
52.2%
5
Devin Harris
45.6%
16
Kosta Koufos
44.9%
6
Chris Copeland
30.1%
16
Evan Fournier
23.5%
7
Luc Richard Mbah a Moute
19.9%
Quiz Playlist
Details
Report
Send in Message
Add To Playlist
Classic:
Type in answers that appear in a list
Random Order:
Randomize order of answers
Last Updated: Feb 16, 2017
Quiz Scoreboard
CHALLENGE
Sign Up to Join the Scoreboard
Show All
Scores
Hide
Comments
May contain spoilers
Recently Published
One Thing in Common: World Cities II
by knightlancer
Geography
7m
Popular People in 1961
by mucciniale
History
6m
1-10 Letter E Words III
by El_Dandy
Language
2m
More to Explore
Quiz From the Vault
Featured Blog Post
Where Did the Easter Bunny Come From?
hide this ad
You Might Also Like...
Tags
Basketball Quiz
NBA Quiz
Player
Playoff
Starter
Starting
team
Today's Top Quizzes in Sports
Browse Sports
hide this ad
Today's Top Quizzes in Basketball
Browse Basketball
Top Contributed Quizzes in Sports
1
Les meilleurs buteurs des matchs entre le PSG et l’OM
2
Les entraîneurs de l'OM et du PSG au 21e siècle
3
2022 World Cup Stars
4
FIFA Club World Cup Champions
5
Name the Premier League winners with different clubs
6
La finale Lions - Afrique du Sud 2021
7
Criteria MLB: Left Handed Sluggers
8
Players with Multiple 50 Home Run Seasons
9
MLB Players with Two .350 Batting Average Seasons
10
MLB Hall of Famer by Rings
Explore More
Trending Topics
Crossword
NBA
Disney
Harry Potter
Marvel
Anime
Kpop
Puzzle
NFL
The Office
WWE
Soccer
Song
Pokémon
Country
hide this ad
More By:
asilver
Quiz
Plays
Rating
Category
Featured
Created
NBA starting lineups when healthy (2012-2013 season)
690
1.00
Sports
Nov 12, 2012
NBA Playoff Teams and Starting Game 1 Players (2012/13)
136
5.00
Sports
Aug 19, 2013
Go to Creator's Profile
Score Distribution
Quiz Creator Spotlight
asilver
Follow
Send a Message
Quizzes Created
-
Created Quiz Play Count
-
More By This Creator
Popular Quizzes Today
1
Find the US States - No Outlines Minefield
2
The Countries of the World
3
Find the Countries of Europe - No Outlines Minefield
4
Popular People in 1961
5
1-10 Letter E Words III
6
Find the US States
7
One Thing in Common: World Cities II
8
US States
More Sports Quizzes
Federer Final Losers
Published
Trending Quizzes
Risky Map Clicking: Least Populous States A-Z
1-10 Letter F Words
1-10 Letter G Words
One Thing in Common: United Kingdom
Risky Map Clicking: Next State Alphabetically
Recently Updated
Leaping Animals
pecheneg
Reality TV Shows (A-Z)
bhenderson79
Rickey Henderson's Hall of Fame Teammates
pecheneg
Champions League XIs: Arsenal
pecheneg
Quick Pick: Celebrities in WWE's Hall of Fame
aduchscher
A-Z Keypad Blitz II
pecheneg
Multiple Oscar Actors
pecheneg
Mystery Phrase Blitz: Oscar 'Best Actors'
pecheneg
F. Scott Fitzgerald Novels
LTH
Pick 3 Villains
ddd62291
Trending Topics
Disney
Harry Potter
Marvel
Crossword
Anime
NBA
Kpop
WWE
Song
Country
NFL
Soccer
The Office
Pokémon
Puzzle
Your Account Isn't Verified!
In order to create a playlist on Sporcle, you need to verify the email address you used during registration. Go to your
Sporcle Settings
to finish the process.
Report this User
Report this user for behavior that violates our
Community Guidelines
.
Details:
Send Report
Go to the Sporcle.com Mobile Site →
Comments